| 000 | 01000cam a22002771a 4500 | ||
|---|---|---|---|
| 001 | 016774290 | ||
| 003 | EG-ScBUE | ||
| 005 | 20221023104223.0 | ||
| 008 | 140515t2014 enko f bd 001 0 eng d | ||
| 020 | _a9780500291481 | ||
| 040 |
_aStDuBDS _beng _erda _cStDuBDS _dEG-ScBUE |
||
| 082 | 0 | 4 |
_a720.9 _bARC _222 |
| 245 | 0 | 0 |
_aArchitecture : _bthe whole story / _cgeneral editor Denna Jones ; foreword by Richard Rogers, Philip Gumuchdjian. |
| 264 | 1 |
_aLondon : _bThames & Hudson Ltd, _c[2014] |
|
| 264 | 4 | _cc2014 | |
| 300 |
_a576 pages : _bphotographs ; _c25 cm |
||
| 500 | _aIncludes glossary. | ||
| 504 | _aIncludes bibliographical references and index. | ||
| 650 | 7 |
_aArchitecture _xHistory. _2BUEsh _911236 |
|
| 653 |
_bENGARC _cMarch2015 |
||
| 655 | _vReading book | ||
| 700 | 1 |
_aJones, Denna, _eeditor. _937532 |
|
| 700 | 1 |
_aRogers, Richard George, _eauthor of introduction, etc. _937533 |
|
| 700 | 1 |
_aGumuchdjian, Philip, _eauthor of introduction, etc. _937534 |
|
| 942 |
_2ddc _k720.9 ARC _cBB |
||
| 999 |
_c19135 _d19107 |
||